000 01004cam a22002892 4500
001 7315
003 UkOxU
005 20211208234410.0
008 760629s1960 nyua 000 0 eng
035 _aOCLC ocm02288652 from D970702M
040 _aDLC
_cTOL
_dOCL
_dEQO
_beng
041 1 _aengrus
082 0 4 _a517.32
_bABT
100 1 _aAbramov, A. A.
_q(Aleksandr Aleksandrovich)
_922844
245 1 0 _aTables of 1n T[z] for complex argument /
_cTranslated from the Russian by D. G. Fry.
260 _aNew York :
_bPergamon Press,
_c1960.
300 _a331 p. ;
_billus.;
_c25 cm.
490 1 _aMathematical tables ;
_v[v. 4]
500 _aAt head of title: U.S.S.R. Academy of Sciences. Institute of Precision Mechanics and Computational Technology.
650 0 _aGamma functions.
_922845
650 0 _aFunctions of complex variables.
_922846
830 0 _v[v. 4].
_922855
830 0 _aMathematical tables series ;
_922856
942 _2ddc
_cBK
999 _c7315
_d7315